Metodika vyučování podnikové ekonomice 1

Gespeichert in:
Bibliographische Detailangaben
1. Verfasser: Mestek, Jaroslav
Körperschaft: Vysoká škola ekonomická v Praze. Národohospodářská fakulta
Format: Buch
Sprache:Tschechisch
Veröffentlicht: Praha Státní pedagogické nakladatelství 1981
Ausgabe:2. vyd.
Tags: Tag hinzufügen
Keine Tags, Fügen Sie das erste Tag hinzu!

MARC

LEADER 00000nam a2200000 4500
001 c131618
005 20190204091528.9
041 0 |a cze 
044 |a CZ 
245 1 0 |a Metodika vyučování podnikové ekonomice 1  |c Jaroslav Mestek 
250 |a 2. vyd. 
264 1 |a Praha  |b Státní pedagogické nakladatelství  |c 1981 
300 |a 131 s. 
100 1 |a Mestek, Jaroslav 
710 2 |a Vysoká škola ekonomická v Praze. Národohospodářská fakulta